[Event "Titled Tue 1st Jul Early"]
[Site "chess.com INT"]
[Date "2025.07.01"]
[Round "8"]
[White "Hernandez Leon, Sergio"]
[Black "Moldagali, Beksultan"]
[Result "1-0"]
[WhiteTitle "CM"]
[BlackTitle "FM"]
[WhiteElo "2109"]
[BlackElo "2397"]
[WhiteFideId "2285622"]
[BlackFideId "13734768"]
[EventDate "2025.07.01"]

1. e4 d5 2. exd5 Qxd5 3. Nc3 Qa5 4. d4 Nf6 5. Nf3 Bf5 6. Bd3 e6 7. O-O Bb4 8.
Bxf5 Qxf5 9. Ne2 O-O 10. c3 Bd6 11. Ng3 Bxg3 12. fxg3 Qh5 13. Bf4 c6 14. Ne5
Qxd1 15. Raxd1 Nbd7 16. Bg5 h6 17. Bxf6 Nxf6 18. g4 Rad8 19. h4 Nd7 20. Nc4 Nb6
21. Ne5 f6 22. Ng6 Rfe8 23. Rde1 a5 24. Rf3 Nc4 25. b3 Na3 26. Nf4 Kf7 27. g5
hxg5 28. hxg5 Rd6 29. Nd3 Ke7 30. gxf6+ gxf6 31. Ref1 f5 32. Re1 Nb5 33. Rh3
Nxc3 34. Rh7+ Kf6 35. Ne5 Re7 36. Rh6+ Kg7 37. Rg6+ Kf8 38. Re3 Rg7 39. Rxg7
Kxg7 40. Rg3+ Kf6 41. Rxc3 Rxd4 42. Nf3 Rd1+ 43. Kf2 Ra1 44. a4 e5 45. Rc5 Ra2+
46. Kg1 Re2 47. Rxa5 Re3 48. b4 f4 49. b5 Kf5 50. bxc6 bxc6 51. Kf2 Re4 52. Rc5
Rxa4 53. Rxe5+ Kf6 54. Rc5 Ra2+ 55. Kg1 Ra6 56. Nd4 Ra1+ 57. Kf2 Rd1 58. Nxc6
Rd2+ 59. Kf3 Ke6 60. Nb4 Rb2 61. Nc2 1-0

[Event "Titled Tue 1st Jul Early"]
[Site "chess.com INT"]
[Date "2025.07.01"]
[Round "8"]
[White "Lyakh, Vasiliy"]
[Black "Moroni, Luca Jr"]
[Result "1-0"]
[BlackTitle "GM"]
[WhiteElo "2123"]
[BlackElo "2549"]
[WhiteFideId "14189828"]
[BlackFideId "865834"]
[EventDate "2025.07.01"]

1. d4 g6 2. e4 Bg7 3. Nc3 a6 4. Nf3 b5 5. a4 b4 6. Ne2 Bb7 7. Ng3 d6 8. Bc4 Nf6
9. O-O d5 10. exd5 Nxd5 11. Re1 O-O 12. Bg5 Re8 13. Qd2 Nd7 14. Rad1 N7b6 15.
Bb3 a5 16. h4 Bc6 17. h5 Bxa4 18. Ba2 Bb5 19. Bh6 Bh8 20. Ne5 f6 21. hxg6 fxe5
22. g7 e6 23. gxh8=Q+ Kxh8 24. Rxe5 Qf6 25. Nh5 Qf7 26. Bg7+ Kg8 27. Rg5 Bc4 28.
Bxc4 Nxc4 29. Qe2 Nd6 30. Qg4 Nf5 31. Rd3 a4 32. Rf3 a3 33. Be5+ Kf8 34. Rgxf5
exf5 35. Rxf5 Ke7 36. Rxf7+ Kxf7 37. Qg7+ Ke6 38. bxa3 bxa3 39. c4 a2 40. cxd5+
Kxd5 41. Qd7+ Ke4 42. Ng3+ Kd3 43. Qb5+ Kc3 44. Qc5+ Kb3 45. Qb5+ Kc3 46. Ne2+
Kd2 47. Qb2+ Kd3 48. Nf4+ Ke4 49. Qe2+ Kf5 50. Qd3+ Kg5 51. Nh3+ Kh6 52. Qe3+
Kg6 53. Qg5+ Kf7 54. Qf6+ Kg8 55. Qg7# 1-0

[Event "Titled Tue 1st Jul Early"]
[Site "chess.com INT"]
[Date "2025.07.01"]
[Round "8"]
[White "Levitan, Judah Nathan"]
[Black "Priansh, Das"]
[Result "0-1"]
[WhiteTitle "CM"]
[BlackTitle "FM"]
[WhiteElo "2266"]
[BlackElo "2305"]
[WhiteFideId "14332639"]
[BlackFideId "45029946"]
[EventDate "2025.07.01"]

1. e4 e5 2. Nf3 Nc6 3. Bb5 a6 4. Ba4 d6 5. c3 Bg4 6. O-O Qf6 7. h3 h5 8. d3 Ne7
9. Bg5 Bxf3 10. Bxf6 Bxd1 11. Bxe7 Bxa4 12. Bxf8 Kxf8 13. b3 Bb5 14. c4 Nd4 15.
cxb5 Nc2 16. Nc3 Nxa1 17. Rxa1 axb5 18. Nxb5 Rc8 19. Rc1 Ke7 20. Rxc7+ Rxc7 21.
Nxc7 Kd7 22. Nd5 Ke6 23. Nb6 f5 24. f3 fxe4 25. dxe4 Ke7 26. Kf2 Kd8 27. Ke3 Kc7
28. Nd5+ Kc6 29. Ne7+ Kc5 30. Kd3 Ra8 31. a4 Kb4 32. Kc2 Ra5 33. Nd5+ Ka3 34.
Ne3 Rc5+ 35. Nc4+ Kb4 36. Kb2 Rc6 37. h4 g6 38. Ne3 Kc5 39. Nc2 b5 40. b4+ Kc4
41. a5 Kd3 42. Na3 Rc8 43. Kb3 Rb8 44. Nb1 Ke3 45. Nc3 Kf2 46. a6 Ra8 47. Nxb5
Rxa6 48. Nc7 Rb6 49. Nd5 Rb7 50. f4 Kxg2 51. f5 gxf5 52. exf5 e4 53. f6 Kf2 54.
Nf4 e3 55. Nd3+ Ke2 56. Nf4+ Kf3 57. Nd3 e2 58. Kc4 Ke3 59. b5 Rc7+ 60. Kd5 Kxd3
61. b6 0-1

[Event "Titled Tue 1st Jul Early"]
[Site "chess.com INT"]
[Date "2025.07.01"]
[Round "8"]
[White "Klys, Kacper"]
[Black "Negrean, Andrei"]
[Result "0-1"]
[WhiteTitle "CM"]
[BlackTitle "FM"]
[WhiteElo "2124"]
[BlackElo "2352"]
[WhiteFideId "21005281"]
[BlackFideId "1291513"]
[EventDate "2025.07.01"]

1. d4 Nf6 2. Nf3 g6 3. c4 Bg7 4. Nc3 O-O 5. e4 d6 6. Be2 e5 7. O-O Nc6 8. d5 Ne7
9. Kh1 Ne8 10. Ng1 f5 11. exf5 gxf5 12. f4 Ng6 13. Nh3 Nf6 14. Ng5 Qe7 15. Bh5
Nxf4 16. Bxf4 exf4 17. Rxf4 Ng4 18. Nh3 Qh4 19. Bxg4 fxg4 20. Rxf8+ Bxf8 21. Ng1
Bg7 22. Qd3 Qg5 23. Ne4 Qg6 24. Re1 Bf5 25. Qe2 Rf8 26. Ng3 Be5 27. Nxf5 Qxf5
28. h3 h5 29. Qe4 Qxe4 30. Rxe4 Rf2 31. hxg4 hxg4 32. Rxg4+ Kf7 33. b3 Rxa2 34.
Rh4 Ra1 35. Rh3 Rb1 36. Rd3 c5 37. Rd2 Bd4 38. Kh2 Rxg1 39. Kg3 Rb1 40. Re2
Rxb3+ 41. Kf4 Rc3 42. g4 Rxc4 43. Kf5 Be5 44. Ra2 Rf4+ 45. Kg5 a6 46. Re2 b5 47.
Ra2 Ra4 48. Rf2+ Ke7 49. Kg6 Rxg4+ 50. Kf5 Rg3 51. Rh2 Rf3+ 52. Ke4 Bxh2 53.
Kxf3 Be5 54. Ke4 a5 55. Kf5 a4 56. Ke4 a3 57. Kd3 a2 58. Ke4 a1=Q 59. Kf5 Qd4
60. Kg6 b4 61. Kf5 b3 62. Kg6 b2 63. Kh7 b1=Q+ 64. Kg8 Qg6# 0-1

[Event "Titled Tue 1st Jul Early"]
[Site "chess.com INT"]
[Date "2025.07.01"]
[Round "8"]
[White "Mitrabha, Guha"]
[Black "Shogdzhiev, Roman"]
[Result "1-0"]
[WhiteTitle "GM"]
[BlackTitle "FM"]
[WhiteElo "2515"]
[BlackElo "2411"]
[WhiteFideId "5057000"]
[BlackFideId "55653537"]
[EventDate "2025.07.01"]

1. Nf3 d5 2. c4 c6 3. cxd5 cxd5 4. d4 Nf6 5. Nc3 Nc6 6. Bf4 a6 7. Rc1 Bf5 8. Ne5
Nxe5 9. dxe5 d4 10. exf6 dxc3 11. Qxd8+ Rxd8 12. fxg7 Bxg7 13. bxc3 O-O 14. f3
Be6 15. a3 Rc8 16. Bd2 Rc6 17. e3 Rfc8 18. Bd3 Bxc3 19. Ke2 Bxd2 20. Rxc6 Rxc6
21. Kxd2 Rd6 22. Ke2 Rc6 23. Rb1 b5 24. Rb4 Bc4 25. Bxc4 bxc4 26. Kd2 Rd6+ 27.
Ke2 c3 28. Rd4 Rc6 29. Kd1 c2+ 30. Kc1 Rc3 31. a4 Rxe3 32. Kxc2 Re1 33. Kb3 Re2
34. Rg4+ Kf8 35. Kb4 h5 36. Rg3 h4 37. Rg4 h3 38. gxh3 Rxh2 39. Rh4 e5 40. Ka5
Rf2 41. Kxa6 Rxf3 42. Kb5 f5 43. a5 e4 44. a6 Kg7 45. Rh5 Kg6 46. Rh8 Ra3 47.
Re8 e3 48. Kb6 f4 49. a7 Kg5 50. Re4 Kh4 51. Rxf4+ Kg3 52. Re4 Kf3 53. Re5 Rb3+
54. Rb5 Ra3 55. Ra5 Rxa5 56. Kxa5 1-0

[Event "Titled Tue 1st Jul Early"]
[Site "chess.com INT"]
[Date "2025.07.01"]
[Round "8"]
[White "Vokhidov, Shamsiddin"]
[Black "Germanovs, Georgijs"]
[Result "0-1"]
[WhiteTitle "GM"]
[BlackTitle "CM"]
[WhiteElo "2650"]
[BlackElo "2260"]
[WhiteFideId "14204223"]
[BlackFideId "11609710"]
[EventDate "2025.07.01"]

1. e4 e6 2. d4 d5 3. Nc3 Nf6 4. Bg5 Bb4 5. e5 h6 6. Bd2 Bxc3 7. bxc3 Ne4 8. Qg4
g6 9. Bc1 c5 10. Bd3 Nxc3 11. dxc5 Qa5 12. Bd2 Qxc5 13. Nf3 Ne4 14. Bxe4 Qc4 15.
Be3 Qc3+ 16. Ke2 Qc4+ 17. Kd1 Qxe4 18. Qxe4 dxe4 19. Nd2 Nc6 20. Nxe4 O-O 21.
Bxh6 Rd8+ 22. Ke2 Nd4+ 23. Kf1 b6 24. f3 Bb7 25. Nf6+ Kh8 26. h4 Nf5 27. Bf4 Rd4
28. Bg5 Ng3+ 29. Kf2 Nxh1+ 30. Rxh1 Kg7 31. h5 gxh5 32. Nxh5+ Kg6 33. Nf4+ Rxf4
34. Bxf4 Rc8 35. Kg3 Rxc2 36. a3 b5 37. Rh8 Rc8 38. Rh6+ Kg7 39. Bg5 a5 40. Rh4
Rc4 41. Bf6+ Kg6 42. Rh8 Rc8 43. Rh1 Bd5 44. Rb1 Bc4 45. Rd1 Bd5 46. Rb1 Bc4 47.
Kf4 Bd3 48. Rh1 b4 49. axb4 axb4 50. g4 b3 51. Ke3 b2 52. Kxd3 Rc1 53. Rh8 b1=Q+
54. Ke3 Re1+ 55. Kf4 Qc1+ 56. Kg3 Rg1+ 57. Kf2 Qe1# 0-1

[Event "Titled Tue 1st Jul Early"]
[Site "chess.com INT"]
[Date "2025.07.01"]
[Round "8"]
[White "Motola, Jacopo"]
[Black "Caku, Kler"]
[Result "1-0"]
[WhiteTitle "FM"]
[BlackTitle "WFM"]
[WhiteElo "2333"]
[BlackElo "2010"]
[WhiteFideId "863190"]
[BlackFideId "4704703"]
[EventDate "2025.07.01"]

1. d4 d5 2. c4 e6 3. Nf3 Nf6 4. Nc3 a6 5. cxd5 exd5 6. Bg5 Be7 7. e3 O-O 8. Bd3
Nbd7 9. O-O Re8 10. Qc2 c6 11. Rab1 Ne4 12. Bxe7 Qxe7 13. b4 Ndf6 14. Ne5 Bd7
15. a4 Nxc3 16. Qxc3 Ng4 17. Nxg4 Bxg4 18. b5 axb5 19. axb5 Bd7 20. bxc6 Bxc6
21. Bb5 Rec8 22. Qd3 Ra3 23. Qe2 h6 24. Rfc1 Qd6 25. Qg4 Rc7 26. Bxc6 Rxc6 27.
Rxc6 Qxc6 28. g3 Rc3 29. Kg2 Rc1 30. Rxc1 Qxc1 31. e4 Qc6 32. e5 b5 33. Qd1 b4
34. f4 Qa6 35. f5 Qa2+ 36. Kh3 b3 37. e6 fxe6 38. fxe6 Qc2 39. Qf3 b2 40. Qf7+
Kh7 41. e7 b1=Q 42. e8=Q Qf5+ 43. Qxf5+ Qxf5+ 44. Kg2 Qc2+ 45. Kf3 Qd3+ 46. Qe3
Qf5+ 47. Kg2 Kg6 48. Qe8+ Kf6 49. Qf8+ Kg6 50. Qd6+ Qf6 51. Qxd5 Kh7 52. Qe4+
Kg8 53. Qd3 Kh8 54. d5 Qd6 55. Qe4 Kg8 56. Kf3 Kf7 57. Qf5+ Ke7 58. Kg4 Kd8 59.
Qe6 Kc7 60. Qxd6+ Kxd6 61. Kf5 Kxd5 62. Kg6 Ke5 63. Kxg7 h5 64. Kg6 h4 65. gxh4 1-0

[Event "Titled Tue 1st Jul Early"]
[Site "chess.com INT"]
[Date "2025.07.01"]
[Round "8"]
[White "Chylewski, Patryk"]
[Black "Lazaro Azcutia, Miguel"]
[Result "0-1"]
[WhiteTitle "IM"]
[BlackTitle "CM"]
[WhiteElo "2319"]
[BlackElo "2275"]
[WhiteFideId "1186191"]
[BlackFideId "54538254"]
[EventDate "2025.07.01"]

1. b3 e5 2. Bb2 Nc6 3. e3 d5 4. Bb5 Ne7 5. Bxe5 a6 6. Bxc6+ Nxc6 7. Bb2 Qg5 8.
Qf3 Bg4 9. Qg3 Bd6 10. f4 Qg6 11. d3 O-O-O 12. h3 Bf5 13. Qxg6 hxg6 14. Nf3 Rdg8
15. Kf2 f6 16. Nbd2 Nb4 17. Nd4 Bd7 18. a3 Nc6 19. Nxc6 Bxc6 20. Nf3 Re8 21.
Rae1 Bd7 22. Re2 b6 23. Rhe1 Kb7 24. Bc1 Bc5 25. Kf1 Rhf8 26. e4 dxe4 27. dxe4
Bb5 28. c4 Bc6 29. b4 Bd6 30. Nd4 Bd7 31. Nb3 Ba4 32. Nd4 Bd7 33. Kf2 c5 34. Nc2
Bc6 35. g3 Re6 36. Ne3 Rxe4 37. bxc5 Bxc5 38. Kf1 Rfe8 39. Nd5 Bd7 40. Rxe4
Bxh3+ 41. Ke2 Rxe4+ 42. Kd1 Bg4+ 43. Kd2 Rxc4 44. Bb2 Bxa3 45. Bxa3 Rd4+ 46. Kc3
Rxd5 47. Re7+ Rd7 48. Rxd7+ Bxd7 49. Bf8 f5 50. Bxg7 Kc6 51. Bd4 a5 52. Kb3 Be6+
53. Kc3 b5 54. Kb2 b4 55. Be3 Kb5 56. Bd4 a4 57. Kc2 a3 58. Bf6 Ka4 59. Be7 b3+
60. Kc3 b2 61. Kc2 Bd5 0-1

[Event "Titled Tue 1st Jul Early"]
[Site "chess.com INT"]
[Date "2025.07.01"]
[Round "8"]
[White "Jake Shanty"]
[Black "Durarbayli, Vasif"]
[Result "1-0"]
[WhiteTitle "FM"]
[BlackTitle "GM"]
[WhiteElo "2252"]
[BlackElo "2612"]
[WhiteFideId "33478066"]
[BlackFideId "13402935"]
[EventDate "2025.07.01"]

1. Nf3 c5 2. e3 d5 3. b3 a6 4. Bb2 Nc6 5. Be2 d4 6. O-O Nf6 7. d3 e5 8. Nbd2 Be7
9. exd4 cxd4 10. c3 O-O 11. cxd4 exd4 12. Nc4 Re8 13. a3 Bf8 14. b4 b5 15. Ncd2
Nd5 16. Re1 Nf4 17. Bf1 Rxe1 18. Qxe1 Bf5 19. Rc1 Qd5 20. Ne4 Rd8 21. g3 Bg4 22.
Nfg5 Ng6 23. Bg2 Qb3 24. Rxc6 Qxb2 25. Rxa6 Rc8 26. Nc5 Qa2 27. h3 Be2 28. Ra7
Ne5 29. Be4 g6 30. f4 Bxc5 31. bxc5 Nxd3 32. Bxd3 Bxd3 33. Nxf7 Be2 34. Nh6+ Kh8
35. Qf2 Qd2 36. Rd7 Qd1+ 37. Kh2 Bf3 38. Qxd4+ Qxd4 39. Rxd4 Rxc5 40. Rd7 Rc2+
41. Kg1 Rg2+ 42. Kf1 Rxg3 43. Nf7+ Kg8 44. Kf2 Rxh3 45. Ng5 Rh2+ 46. Kxf3 Ra2
47. Rd3 Rb2 48. Ne4 b4 49. axb4 Rxb4 50. Nf6+ Kg7 51. Ng4 Rb7 52. Ne5 Ra7 53.
Rd7+ Rxd7 54. Nxd7 Kf7 55. Kg4 Ke6 56. Nf8+ 1-0

[Event "Titled Tue 1st Jul Early"]
[Site "chess.com INT"]
[Date "2025.07.01"]
[Round "8"]
[White "Przybylski, Bartosz"]
[Black "Punin, Andrii"]
[Result "0-1"]
[WhiteTitle "CM"]
[BlackTitle "FM"]
[WhiteElo "2062"]
[BlackElo "2289"]
[WhiteFideId "21878323"]
[BlackFideId "14112639"]
[EventDate "2025.07.01"]

1. e4 d5 2. exd5 Qxd5 3. Nc3 Qa5 4. Bc4 Nf6 5. d3 c6 6. Bd2 Qc7 7. Qe2 Bg4 8.
Nf3 e6 9. h3 Bxf3 10. Qxf3 Nbd7 11. Bb3 Bd6 12. O-O-O O-O-O 13. Kb1 Kb8 14. Rhe1
h6 15. Ne4 Nxe4 16. dxe4 Ne5 17. Qe2 Ng6 18. g3 h5 19. f4 h4 20. e5 Bc5 21. g4
Ne7 22. Be3 Bxe3 23. Qxe3 Rxd1+ 24. Rxd1 Rd8 25. Rf1 Nd5 26. Qf2 Qe7 27. a3 Rd7
28. Re1 g5 29. f5 Nf4 30. Qf3 Qd8 31. Ka2 Rd2 32. fxe6 fxe6 33. a4 Qd4 34. Re4
Qc5 35. Rxf4 gxf4 36. Qxf4 Re2 37. g5 Qxe5 38. Qf8+ Kc7 39. Qe7+ Kb6 40. g6 Rg2
41. Qd8+ Ka6 42. Bc4+ b5 43. Qc8+ Kb6 44. Qd8+ Qc7 45. Qd4+ c5 46. Qe4 Qc6 47.
a5+ Kb7 48. Qf4 bxc4 49. b3 cxb3+ 50. Kxb3 Qb5+ 51. Kc3 Qb4+ 52. Qxb4+ cxb4+ 53.
Kxb4 Rxg6 54. c4 Rg3 55. Kb5 Rxh3 56. a6+ Kc7 57. Kc5 Rd3 58. Kb5 h3 59. Kc5 h2
60. Kb4 h1=Q 61. Kc5 Qc6+ 62. Kb4 Qb6+ 63. Ka4 Qxa6+ 64. Kb4 Qa3+ 65. Kb5 Rb3# 0-1

[Event "Titled Tue 1st Jul Early"]
[Site "chess.com INT"]
[Date "2025.07.01"]
[Round "8"]
[White "Jinan, Jomon"]
[Black "Shymanskyi, Oleksandr"]
[Result "1-0"]
[WhiteTitle "FM"]
[BlackTitle "FM"]
[WhiteElo "2309"]
[BlackElo "2218"]
[WhiteFideId "35002511"]
[BlackFideId "14168880"]
[EventDate "2025.07.01"]

1. e4 c6 2. d4 d5 3. Nc3 dxe4 4. Nxe4 Nf6 5. Nxf6+ exf6 6. c3 Bf5 7. Bd3 Bxd3 8.
Qxd3 Bd6 9. Ne2 O-O 10. Be3 Re8 11. O-O-O Nd7 12. c4 a5 13. Kb1 a4 14. a3 Nf8
15. Nc3 Ng6 16. g3 Qd7 17. h4 h5 18. c5 Bf8 19. Qc4 Qf5+ 20. Ka2 Ne7 21. d5 cxd5
22. Nxd5 Nxd5 23. Qxd5 Qg6 24. Rd2 Ra5 25. Qxb7 Bxc5 26. Qc6 Re5 27. Bf4 Re6 28.
Qc8+ Kh7 29. Rd8 Qe4 30. Rc1 Rb5 31. Rxc5 Rb3 32. Rc2 Reb6 33. Bc1 R6b5 34. Qc4
Qf5 35. Rdd2 Ra5 36. Re2 Rab5 37. Qe4 Qxe4 38. Rxe4 Rf5 39. Rxa4 Rbf3 40. Rf4 g5
41. Rxf5 Rxf5 42. hxg5 fxg5 43. b4 h4 44. gxh4 gxh4 45. f4 Rh5 46. a4 h3 47. Rh2
Kg6 48. b5 Kf5 49. b6 Kg4 50. b7 Rh8 51. Rb2 h2 52. Rxh2 Rxh2+ 53. Bb2 1-0

[Event "Titled Tue 1st Jul Early"]
[Site "chess.com INT"]
[Date "2025.07.01"]
[Round "8"]
[White "Sarana, Alexey"]
[Black "Paravyan, David"]
[Result "1/2-1/2"]
[WhiteTitle "GM"]
[BlackTitle "GM"]
[WhiteElo "2686"]
[BlackElo "2589"]
[WhiteFideId "24133795"]
[BlackFideId "4194985"]
[EventDate "2025.07.01"]

1. e4 e5 2. Nf3 Nf6 3. d4 Nxe4 4. Bd3 d5 5. Nxe5 Nd7 6. Nxd7 Bxd7 7. O-O Bd6 8.
c4 O-O 9. cxd5 f5 10. Nc3 Qf6 11. Bxe4 fxe4 12. Nxe4 Bxh2+ 13. Kxh2 Qh4+ 14. Kg1
Qxe4 15. Qb3 b6 16. Bd2 Rf5 17. d6+ Be6 18. Qe3 Qxe3 19. fxe3 cxd6 20. e4 Rxf1+
21. Rxf1 d5 22. e5 Rc8 23. Bc3 h6 24. a4 Kh7 25. a5 b5 26. Ra1 a6 27. Kf2 Kg6
28. Ke3 Rc4 29. Rf1 b4 30. Bd2 Rc2 31. Rc1 Rxc1 32. Bxc1 Kf5 33. Bd2 b3 34. Bb4
h5 35. Bf8 g5 36. Be7 h4 37. Bd8 Kg4 38. Kf2 Kf4 39. Be7 h3 40. gxh3 Bxh3 41.
Bb4 Ke4 42. Bc3 Be6 43. Kg3 g4 44. Kf2 Kd3 45. Kg3 Ke3 46. Kg2 Kf4 47. Bd2+ Ke4
48. Bc3 Bf5 49. Kg3 Bd7 50. Kf2 Be6 51. Kg3 Ke3 52. Kg2 Kf4 53. Kf2 g3+ 54. Kg2
Bf5 55. Bd2+ Kg4 56. Bc3 Be4+ 57. Kg1 Kf5 58. Kf1 g2+ 59. Kg1 Ke6 60. Kf2 Kd7
61. Kg1 Ke6 62. Kf2 Kd7 63. Kg1 Ke6 1/2-1/2

[Event "Titled Tue 1st Jul Early"]
[Site "chess.com INT"]
[Date "2025.07.01"]
[Round "8"]
[White "Zeliantsova, Kseniya"]
[Black "Exposito Milan, Adrian"]
[Result "0-1"]
[WhiteTitle "WFM"]
[BlackTitle "FM"]
[WhiteElo "2062"]
[BlackElo "2179"]
[WhiteFideId "13512617"]
[BlackFideId "24556645"]
[EventDate "2025.07.01"]

1. e4 c5 2. Nf3 Nc6 3. Bb5 g6 4. O-O Nf6 5. Re1 Bg7 6. c3 O-O 7. h3 a6 8. Bf1 d5
9. e5 Ne8 10. d4 cxd4 11. cxd4 Nc7 12. Nc3 b5 13. Be3 Bb7 14. Qd2 Rc8 15. Bh6
Ne6 16. Ne2 Qb6 17. Bxg7 Kxg7 18. Rad1 Na5 19. b3 Rc7 20. Nf4 Nxf4 21. Qxf4 Bc8
22. Bd3 Nb7 23. Nh2 Nd8 24. Qh4 h5 25. Nf1 Ne6 26. Bb1 b4 27. Ne3 Bb7 28. Rd3
Rc3 29. Red1 Rfc8 30. Qxe7 Rxd3 31. Qf6+ Kg8 32. Bxd3 Qd8 33. Qf3 Nxd4 34. Qg3
Ne6 35. Bxg6 fxg6 36. Qxg6+ Ng7 37. Nf5 Rc7 38. e6 Qe8 39. Nh6+ Kh8 40. Nf7+ Kg8
41. Qh6 Qxe6 42. Qh8+ Kxf7 43. Rd3 d4 44. Rg3 Qe5 45. Qh7 Rc1+ 46. Kh2 Rc3 47.
Qg6+ Kf8 48. Qh7 Rxg3 49. fxg3 d3 50. Qh8+ Kf7 51. Qd8 Qe2 52. Qd7+ Kg6 53. Qxb7
d2 54. Qc6+ Kf5 55. Qd7+ Kf6 56. Qd6+ Ne6 0-1

[Event "Titled Tue 1st Jul Early"]
[Site "chess.com INT"]
[Date "2025.07.01"]
[Round "8"]
[White "Harriott, Tyrell"]
[Black "Zepeda Berlanga, Jan Enrique"]
[Result "1-0"]
[BlackTitle "CM"]
[WhiteElo "1933"]
[BlackElo "2011"]
[WhiteFideId "2086484"]
[BlackFideId "5132355"]
[EventDate "2025.07.01"]

1. d4 Nf6 2. e3 d5 3. Bd3 c5 4. c3 cxd4 5. exd4 g6 6. f4 Bg7 7. Nf3 O-O 8. O-O
Ne4 9. Nbd2 Bf5 10. Qe2 Nxd2 11. Bxd2 Bxd3 12. Qxd3 Qb6 13. Rab1 Nc6 14. Ne5 e6
15. Be3 Nxe5 16. fxe5 f6 17. exf6 Bxf6 18. Bh6 Bg7 19. Bxg7 Kxg7 20. Qe3 Qd6 21.
Rxf8 Rxf8 22. Re1 Rf6 23. g4 Rf4 24. h3 Kf7 25. Kg2 Ke7 26. b3 h5 27. gxh5 gxh5
28. c4 Re4 29. Qg5+ Kd7 30. Qg7+ Kc6 31. Rxe4 dxe4 32. Qf6 a6 33. h4 b5 34. c5
Qd5 35. Kf2 Qf5+ 36. Qxf5 exf5 37. Ke3 Kd5 38. Kf4 Kxd4 39. c6 e3 40. c7 e2 41.
c8=Q e1=Q 42. Qxf5 Qf1+ 43. Kg5 Qxf5+ 44. Kxf5 Kc3 45. Kg5 Kb2 46. Kxh5 Kxa2 47.
b4 Kb3 48. Kg4 Kxb4 49. h5 a5 50. h6 a4 51. h7 a3 52. h8=Q Kb3 53. Qa1 b4 54.
Kf3 Kc2 55. Qa2+ Kc3 56. Ke3 b3 57. Qxa3 Kc2 58. Qc5+ Kb1 59. Kd3 b2 60. Kc3 Ka1
61. Qa5+ Kb1 62. Kb3 Kc1 63. Qe1# 1-0

[Event "Titled Tue 1st Jul Early"]
[Site "chess.com INT"]
[Date "2025.07.01"]
[Round "8"]
[White "Tan, Zhongyi"]
[Black "Le Phan Hoang Quan"]
[Result "1-0"]
[WhiteTitle "GM"]
[BlackTitle "CM"]
[WhiteElo "2527"]
[BlackElo "1968"]
[WhiteFideId "8603642"]
[BlackFideId "12432881"]
[EventDate "2025.07.01"]

1. e4 c5 2. Nf3 e6 3. d4 cxd4 4. Nxd4 a6 5. Bd3 Nf6 6. O-O d6 7. c4 Nbd7 8. Nc3
Qc7 9. f4 b6 10. Nf3 Bb7 11. Qe2 Be7 12. Bd2 O-O 13. Rae1 Rfe8 14. Kh1 Nf8 15.
e5 N6d7 16. f5 Nxe5 17. Nxe5 dxe5 18. fxe6 f6 19. Nd5 Qd8 20. Qh5 Bxd5 21. cxd5
Qxd5 22. Qf7+ Kh8 23. Be4 Qxe6 24. Qxe6 Nxe6 25. Bxa8 Rxa8 26. Be3 Bc5 27. Bxc5
bxc5 28. Rc1 Rc8 29. Rfd1 Nd4 30. Rd3 Kg8 31. Ra3 Rc6 32. b4 c4 33. Rac3 Ne2 34.
Rxc4 Rd6 35. Re1 Nf4 36. g3 Ne6 37. Rec1 Rd2 38. R1c2 Rd1+ 39. Kg2 Nd4 40. Rf2
Kf7 41. a4 Ra1 42. a5 Rb1 43. Ra2 Kg6 44. h3 h5 45. h4 Kf5 46. Rc7 g5 47. hxg5
fxg5 48. Ra7 e4 49. Rxa6 e3 50. Ra8 Ke4 51. Re8+ Kd3 52. Ra3+ Nb3 53. a6 e2 54.
a7 e1=Q 55. Rxe1 Rxe1 56. Rxb3+ Kc4 57. a8=Q Kxb3 58. b5 Re2+ 59. Kf1 Rc2 60. b6
h4 61. gxh4 1-0

[Event "Titled Tue 1st Jul Early"]
[Site "chess.com INT"]
[Date "2025.07.01"]
[Round "8"]
[White "Mizzi, Jack"]
[Black "Smirnov, Mark"]
[Result "0-1"]
[WhiteTitle "CM"]
[BlackTitle "FM"]
[WhiteElo "2106"]
[BlackElo "2352"]
[WhiteFideId "5602521"]
[BlackFideId "13764594"]
[EventDate "2025.07.01"]

1. d4 Nf6 2. c4 e6 3. Nf3 d5 4. Nbd2 a6 5. g3 dxc4 6. Nxc4 b5 7. Nce5 Bb7 8. Bg2
c5 9. Nxf7 Kxf7 10. Ne5+ Kg8 11. Bxb7 Ra7 12. Bg2 Qxd4 13. Qxd4 cxd4 14. O-O Bd6
15. f4 Rc7 16. Bh3 Re7 17. Bd2 g6 18. Rac1 Kg7 19. Ba5 Nd5 20. Nc6 Nxc6 21. Rxc6
Bb4 22. Bxe6 Bxa5 23. Bxd5 Rxe2 24. Rxa6 Bd2 25. Ra7+ Kh6 26. g4 Be3+ 27. Kh1
Rxb2 28. Rf3 Bxf4 29. Rxf4 Re8 30. Re4 Rf8 31. Re1 Rff2 32. g5+ Kxg5 33. Rxh7 d3
34. h4+ Kg4 35. Rg7 Kh5 36. Rh7+ Kg4 37. Rg7 d2 38. Rd1 Re2 39. Rxg6+ Kxh4 40.
Rh6+ Kg5 41. Rh5+ Kf4 42. Rh4+ Ke5 43. Bf3 Rf2 44. Bg4 Rxa2 45. Kg1 Rf4 46. Rh5+
Kd4 47. Be2 b4 48. Rb5 Kc3 49. Rc5+ Kd4 50. Rc4+ Ke3 51. Rxf4 Kxf4 52. Bc4 Rc2
53. Bd3 Rc1 54. Be2 Ke3 55. Kf1 b3 0-1

[Event "Titled Tue 1st Jul Early"]
[Site "chess.com INT"]
[Date "2025.07.01"]
[Round "8"]
[White "Leiva, Gianmarco"]
[Black "Perossa, Nicolas"]
[Result "1-0"]
[WhiteTitle "IM"]
[BlackTitle "FM"]
[WhiteElo "2387"]
[BlackElo "2253"]
[WhiteFideId "3804399"]
[BlackFideId "2850520"]
[EventDate "2025.07.01"]

1. e4 e5 2. Nf3 Nc6 3. Bb5 a6 4. Ba4 Nf6 5. O-O Be7 6. Re1 b5 7. Bb3 O-O 8. a4
Bb7 9. d3 d5 10. exd5 Nxd5 11. c3 Bf6 12. Nbd2 Nf4 13. Ne4 Qxd3 14. Nxf6+ gxf6
15. Bxf4 Qxd1 16. Raxd1 exf4 17. axb5 axb5 18. Rd7 Na5 19. Bd5 Bxd5 20. Rxd5 c6
21. Rd6 Kg7 22. b4 Nc4 23. Rxc6 Rfe8 24. Rxe8 Rxe8 25. g3 fxg3 26. hxg3 Na3 27.
Nd4 Re5 28. Kf1 Nc4 29. Rc5 Rxc5 30. bxc5 Nd2+ 31. Ke1 Ne4 32. c6 Nd6 33. c7 Kf8
34. Nxb5 Nc8 35. Ke2 Ke7 36. Ke3 Kd7 37. Ke4 Kc6 38. c4 Kc5 39. Kd3 f5 40. Nd4
Kd6 41. Nb5+ Kc5 42. Kc3 h5 43. Nd4 f4 44. Kd3 fxg3 45. fxg3 Kd6 46. Nb5+ Kc5
47. Nc3 f5 48. Nd5 Kd6 49. Kd4 f4 50. Nxf4 Kxc7 51. Nxh5 Ne7 52. Ng7 Kd6 53. c5+
Kc6 54. g4 Ng6 55. Ne6 Nh4 56. Ke4 1-0

[Event "Titled Tue 1st Jul Early"]
[Site "chess.com INT"]
[Date "2025.07.01"]
[Round "8"]
[White "Bacus, Dharim"]
[Black "Perez Rojas, Jorge"]
[Result "0-1"]
[WhiteTitle "FM"]
[BlackTitle "FM"]
[WhiteElo "2131"]
[BlackElo "2100"]
[WhiteFideId "5201527"]
[BlackFideId "3452093"]
[EventDate "2025.07.01"]

1. e4 e6 2. d4 d5 3. Nd2 c5 4. Ngf3 cxd4 5. Nxd4 Nc6 6. Bb5 Bd7 7. Nxc6 Bxc6 8.
Bd3 Nf6 9. e5 Nd7 10. Nf3 Bc5 11. O-O h6 12. c3 a5 13. a4 O-O 14. b3 Rb8 15. Qe2
Re8 16. Nd4 Nf8 17. Be3 Bd7 18. Qg4 Qc7 19. Bxh6 Qxe5 20. Bf4 Qf6 21. Bxb8 Rxb8
22. Qg3 e5 23. Bb5 Bd6 24. Bxd7 exd4 25. Qh3 dxc3 26. Bb5 d4 27. Rad1 b6 28. Qg4
Bc5 29. Bd3 Rd8 30. Rfe1 Ne6 31. Re4 g6 32. Rde1 Nf8 33. h4 Qg7 34. h5 gxh5 35.
Qxh5 Ng6 36. Rg4 Qh7 37. Bxg6 Qxh5 38. Bxh5+ Kf8 39. Rf4 d3 40. Rxf7+ Kg8 41.
Rf5 d2 42. Rg5+ Kh7 43. Rf1 c2 44. Bg6+ Kh6 45. Bxc2 Kxg5 46. g3 Kg4 47. Kg2 Kg5
48. f4+ Kf6 49. Kf3 Bb4 50. g4 Rd4 51. Ke3 Rd6 52. g5+ Kg7 53. f5 Rd8 54. f6+
Kf8 55. g6 Re8+ 56. Kf4 Re1 57. g7+ Kf7 58. Bg6+ Kg8 0-1